000 00325 a2200157 4500
001 185521
020 _a85-08-02975-6
040 _cMagnum
100 _aRey, Marcos
240 1 0 _aGarra de campeão
_lpor
245 1 0 _aGarra de campeão
300 _a
440 1 _aÁtica
697 _aLITERATURA JUVENIL
942 _cBK
999 _c185521
_d185521